000 00572nam a2200229 a 4500
001 nice12345678
003 IN_TiNIC
005 20260116014814.0
008 050524s2008 dela grp 000 0 eng
020 _a9788179927861
_c195
082 0 0 _a294.3
_bOKA1
100 _aOkawa, Ryuho
245 _aEssence of Buddha
_b The Path to Enlightenment
260 _aDelhi
_bJaico Pub. House
_c2008
300 _a201p
500 _aincludes index and biblioraphy
650 _aBuddhism
700 1 _aOkawa, Ryuho
902 _bSRS
942 _cBK
999 _c17047
_d17047